| 000 | 02003nam a22002657a 4500 | ||
|---|---|---|---|
| 999 |
_c63283 _d63283 |
||
| 003 | Ge_BSU | ||
| 005 | 20250718123405.0 | ||
| 008 | 250718s2009 ge ||||| |||| 00| 0 geo d | ||
| 020 | _a9789941126802 | ||
| 041 | _ageo | ||
| 080 | _a338(479.22)(063) ს- 32 | ||
| 245 |
_aსაქართველოს ეკონომიკა მსოფლიო კონკურენტუნარიანობის მაჩვენებლებში: პრობლემები, პერსპექტივები = Economy of Georgia in the World Competitiveness Indicators: Problems and _b I საუნივერსიტეტთაშორ. სამეცნ.-პრაქტ. კონფერენცია (მოხსნებათა კრებული) / _c[რედ.: რ. გოგოხია, ი. გაგნიძე, ინგლ. ტექსტის რედ.: ი. ნაცვლიშვილი, ნ. მაისურაძე]. |
||
| 264 |
_aთბილისი : _bუნივერსალი, _c2009. |
||
| 300 |
_a130 გვ. : _bცხრ. ; _c 29 სმ. |
||
| 504 | _aბიბლიოგრ. ტექსტ. შენიშვნ. | ||
| 520 | _aრეზ. ინგლ. მოხსენებების ბოლოს. | ||
| 653 | _aსაქართველოს ეკონომიკა | ||
| 653 | _aეკონომიკა | ||
| 700 |
_aგოგოხია, რ _eრედაქტორი _925675 |
||
| 700 |
_a გაგნიძე, ი _eრედაქტორი _925676 |
||
| 700 |
_aნაცვლიშვილი, ი _eინგლისური ტექსტის რედაქტორი _925677 |
||
| 700 |
_aმაისურაძე, ნ _eინგლისური ტექსტის რედაქტორი _91973 |
||
| 710 |
_aთსუ-ს ეკონ. და ბიზნესის ფაკულტეტი _925678 |
||
| 942 |
_2udc _cᲬᲘᲒᲜᲘ |
||